00519nam a22001697a 4500008004500000020001800045082001300063100001600076245003700092260003600129300001900165650003100184650005000215650002000265700003000285700003400315250922b 2025 ||||| |||| 00| 0 eng d a9789391247355 a541bPUR aPuri, B. R. aPrinciples of physical chemistry aPunjabbVishal Publishingc2025 axii, 1393 pgs. aMolecular spectroscopy - I aElectric and Magnetic Propertied of Molecules aThermochemistry aSharma, L. R. eCo-author aPathania, Madan S.eCo-author